| 000 | 00470nam a2200169Ia 4500 | ||
|---|---|---|---|
| 008 | 131103s9999 xx 000 0 und d | ||
| 040 | _aLoreto College | ||
| 041 | _aEnglish | ||
| 082 |
_a891.44/ISL-BAN _bLCLIB/BnSem/39145 |
||
| 100 | _aBanerjee, Manobendra | ||
| 245 |
_aNazrul _cManobendra Banerjee |
||
| 260 |
_aCalcutta _bPapirus _c1994 |
||
| 300 |
_a76p _c 18cm |
||
| 650 | _aIslam, Nazrul | ||
| 651 | _aBengali Literature - History and Criticism | ||
| 942 | _cBK | ||
| 999 |
_c20049 _d70528 |
||